| 000 | 00759nam a22002177a 4500 | ||
|---|---|---|---|
| 005 | 20081022120148.0 | ||
| 008 | 081022t xxu||||| |||| 00| 0 eng d | ||
| 010 | _aENG-84307 | ||
| 020 | _a0195683501 | ||
| 020 | _c545.00 (hb) | ||
| 035 | _aEN-67840 | ||
| 082 | _a382.3 | ||
| 100 | _aSengupta, Nirmal | ||
| 245 |
_aThe Economics of trade facilitation _cby Nirmal Sengupta / |
||
| 260 |
_aNew Delhi _bOxford University Press |
||
| 260 | _c2007 | ||
| 300 |
_axiii,208p _c23cm |
||
| 500 | _aIncludes bibliographical references and index | ||
| 942 |
_2ddc _cEN _h382.3 _mSEN |
||
| 999 |
_c17645 _d17645 |
||